000 00888nam a22002897a 4500
001 BR8403539
003 BR-BrBNA
005 20230928091952.0
007 ta
008 230509b bl.||||| |||| 00| 0 por d
040 _aBR-BrBNA
_bpor
_cBiblioteca Nacional de Agricultura
041 _a(Por)
072 _aM10
_b/G514
090 _ M10 BR8403539
110 1 _aMinisterio da Agricultura, Brasilia, DF (Brasil);
_96753
110 1 _aMinisterio do Interior, Brasilia, DF (Brasil);
_97113
110 1 _aMinisterio da Educacao e Cultura, Brasilia, DF (Brasil)
_97005
245 1 _aPrograma integrado de peixamento de acudes do nordeste [Brasil]
260 3 _aBrasilia, DF (Brasil):
_c1984.
300 _a89 p.
500 _a50 tables; 9 illus.
650 _aPISCICULTURA
650 _aACUDE
650 _aREGIAO NORDESTE
909 _a202309
_bLucia
_c55
_dLucia Elande
942 _cBK
999 _c36465
_d36465